01351nam a2200241Ia 4500001000900000003001000009008004100019040002500060041001300085100001900098245002300117250001100140260005300151300001200204500026200216501011400478520026200592650004300854942000700897957000600904999004100910952015800951L085-430IT-CnALBA170116s9999||||xx |||||||||||||| ||und|| aIT-CnALBAcIT-CnALBA aITALIANO aORIANI ALFREDO 0aFUOCHI DI BIVACCO  a2a ed. a FIRENZEbCAPELLI EDITORE c1927 [1° Ed.: n.d.] a413 p.  aCURATORE BENITO MUSSOLINI. PREFAZIONE DI MORELLO VINCENZO. OMBRE SACRE. ECHI. AD LIMINA MORTIS. IDEE E FIGURE. TRAGEDIA REGALE. DELITTI E DELINQUENTI. PUNTE SECCHE. SOTTO IL FUOCO. ULTIMA CARICA. VERITÀ NAZIONALE. ARTICOLI RACCONTI NOVELLE CHE EVIDENZIANO aSocietà San Paolo EM - Piazza San Paolo, 14 - 12051 ALBA (CN) (non commercial uses only) ® Copyright 2017 aCURATORE BENITO MUSSOLINI. PREFAZIONE DI MORELLO VINCENZO. OMBRE SACRE. ECHI. AD LIMINA MORTIS. IDEE E FIGURE. TRAGEDIA REGALE. DELITTI E DELINQUENTI. PUNTE SECCHE. SOTTO IL FUOCO. ULTIMA CARICA. VERITÀ NAZIONALE. ARTICOLI RACCONTI NOVELLE CHE EVIDENZIANO aRACCOLTE DI CARATTERE GEN. IN ITALIANO cBK 71 a529bSI g Copie: 1 c259666d259666 0010406L_08543071aALBAbALBAd2017-01-16l0oL085-430r2017-01-16 00:00:00w2017-01-16yBKz(data import: 16 gennaio 2017) - By Epidotti, Vaglietti.